Normal view
MARC view
- Amir Muslim
Entry Personal Name
001 - CONTROL NUMBER
- control field: 9570
003 - CONTROL NUMBER IDENTIFIER
- control field: OSt
005 - DATE AND TIME OF LATEST TRANSACTION
- control field: 20240806154301.0
008 - FIXED-LENGTH DATA ELEMENTS
- fixed length control field: 240806|| aca||aabn | a|a d
040 ## - CATALOGING SOURCE
- Original cataloging agency: OSt
- Transcribing agency: OSt
100 ## - HEADING--PERSONAL NAME
- Personal name: Amir Muslim
670 ## - SOURCE DATA FOUND
- Source citation: Work cat.: (OSt)5010: Shamsuddin Abdul Kadir, Tan Sri, 1931- 9568, ANAK SEORANG DREBAR /

PORTAL AKMAL
E-MEL JKDM
AKMAL2U
G-BAM
u-PUSTAKA